Missing Word: Mike Myers Quiz Stats

 Plays Quiz Updated Jun 22, 2013

Support Sporcle.
Go Orange.
Score 0/14 Timer 03:00
0 Plays Today
Film Missing Word % Correct
Dr. _____ The Cat in the HatSeuss'
88.5%
So I Married an _____ MurdererAxe
87.7%
Austin Powers: The Spy Who _____ MeShagged
85.9%
Inglourious _____Basterds
82.6%
The _____ GuruLove
82.4%
Austin Powers: _____ Man of MysteryInternational
77.7%
*Shrek the _____*Third
72.3%
Film Missing Word % Correct
Austin Powers in _____Goldmember
67.5%
_____ WorldWayne's
60.1%
*_____ Forever After*Shrek
56.8%
_____ From the TopView
39.5%
_____, AlaskaMystery
27.4%
Nobody _____ Anything!Knows
26.8%
The Thin _____ LinePink
9.3%

Today's Daily Dose

You're not logged in!

Compare scores with friends on all Sporcle quizzes.
OR
Log In
Forgot?

From the Vault

Is That a Star Wars Movie?

by JeluPotter25

Given Disney's rate, these will probably all become movies at some point in the near-distant future.
Remove Ads.
Support Sporcle.
Get the best of Sporcle when you Go Orange. This ad-free experience offers more features, more stats, and more fun while also helping to support Sporcle. Thank you for becoming a member.

Show Comments

Extras

Top Quizzes Today


Score Distribution

Your Account Isn't Verified!

In order to create a playlist on Sporcle, you need to verify the email address you used during registration. Go to your Sporcle Settings to finish the process.

Report this User

Report this user for behavior that violates our Community Guidelines.

Details: